| 000 | 00804nam a22002415i 4500 | ||
|---|---|---|---|
| 001 | 12624 | ||
| 003 | ES-MaACL | ||
| 005 | 20230906150348.0 | ||
| 007 | t| | ||
| 008 | 960208s1995 sp ||||0| spa j | ||
| 020 | _a84-88986-06-8 | ||
| 040 |
_aM-BN _bspa _cM-BN |
||
| 080 | _a616-036.865 | ||
| 245 | 0 | 0 |
_aGuías para la evaluación de las deficiencias permanentes / _cAmerican Medical Association. |
| 250 | _a4ª ed., 2ª reimp. | ||
| 260 |
_aMadrid : _bInstituto Nacional de Servicios Sociales, _c1994. |
||
| 300 |
_aXVI, 345 p : _bil ; _c28 cm. |
||
| 650 | 1 | 4 |
_aIncapacidad laboral- _xEvaluación. _913644 |
| 710 | 2 |
_aInstituto Nacional de Servicios Sociales (España) _95189 |
|
| 710 | 2 |
_aAmerican Medical Association. _91367 |
|
| 852 |
_aES-MaACL _jL-19975 _bR.125430 |
||
| 999 |
_c12624 _d12624 |
||